[Event "Hasselbacken Open 2016"]
[Site "Stockholm SWE"]
[Date "2016.05.07"]
[Round "8.47"]
[White "Bergstrom, Rolf"]
[Black "Fieandt, John"]
[Result "1-0"]
[WhiteTitle "FM"]
[WhiteElo "2298"]
[BlackElo "2152"]
[WhiteFideId "1702386"]
[BlackFideId "501093"]
[EventDate "2016.04.30"]

1. e4 c5 2. Nf3 d6 3. Bb5+ Nd7 4. O-O a6 5. Bd3 Ngf6 6. c3 b5 7. Bc2 Bb7 8. Re1
e6 9. d4 Be7 10. Nbd2 cxd4 11. cxd4 Qc7 12. Nf1 O-O 13. Ng3 Rac8 14. Bd3 Rfe8
15. Bd2 Bf8 16. a4 Bc6 17. Rc1 Qb8 18. Rxc6 Rxc6 19. axb5 axb5 20. e5 g6 21.
exf6 Nxf6 22. Qe2 Rec8 23. h4 b4 24. h5 b3 25. hxg6 hxg6 26. Bxg6 fxg6 27. Qxe6+
Kg7 28. Bh6+ Kxh6 29. Qxf6 1-0

[Event "Hasselbacken Open 2016"]
[Site "Stockholm SWE"]
[Date "2016.05.07"]
[Round "8.48"]
[White "Geenen, Marc"]
[Black "Wecker, Martin"]
[Result "1-0"]
[WhiteTitle "FM"]
[WhiteElo "2264"]
[BlackElo "2144"]
[WhiteFideId "200085"]
[BlackFideId "12931462"]
[EventDate "2016.04.30"]

1. e4 c5 2. Nf3 e6 3. d4 cxd4 4. Nxd4 Nc6 5. Nc3 Qc7 6. f4 a6 7. Be3 Nxd4 8.
Qxd4 b5 9. O-O-O Bb7 10. Bd3 Rc8 11. Kb1 Nf6 12. e5 Nd5 13. Ne4 Nxe3 14. Qxe3
Bd5 15. Qg3 Qa5 16. b3 Bxe4 17. Bxe4 g6 18. h4 Ba3 19. h5 Qb4 20. Qd3 O-O 21.
hxg6 Rc3 22. gxf7+ Rxf7 23. Bxh7+ Kf8 24. Qd2 Rg3 25. Qxb4+ Bxb4 26. Be4 Bc3 27.
Rh4 b4 28. Kc1 Re3 29. Rh8+ Kg7 30. Rh7+ Kg8 31. Rxf7 Kxf7 32. Rxd7+ Ke8 33. Bc6
Re1+ 34. Rd1+ Kf7 35. Rxe1 Bxe1 36. g4 Bg3 37. f5 exf5 38. gxf5 Bxe5 39. c4 bxc3
40. b4 Kf6 41. Be4 Kg5 42. Kc2 Kf4 43. Bd3 Bf6 44. Kb3 Ke3 45. Kc4 Kd2 46. a4 c2
47. Bxc2 Kxc2 48. b5 axb5+ 49. axb5 Bd8 50. Kc5 Kd3 51. b6 Ke4 52. b7 1-0

[Event "Hasselbacken Open 2016"]
[Site "Stockholm SWE"]
[Date "2016.05.07"]
[Round "8.49"]
[White "Fehr, Axel"]
[Black "Hess, Christian1"]
[Result "1/2-1/2"]
[BlackTitle "FM"]
[WhiteElo "2143"]
[BlackElo "2241"]
[WhiteFideId "4675185"]
[BlackFideId "4605969"]
[EventDate "2016.04.30"]

1. c4 Nf6 2. g3 c6 3. Bg2 g6 4. Nf3 Bg7 5. O-O O-O 6. Nc3 d5 7. cxd5 cxd5 8. d4
Ne4 9. Nxe4 dxe4 10. Ng5 Qxd4 11. Qxd4 Bxd4 12. Rd1 Nc6 13. Bxe4 Bg7 14. h4 Bf5
15. Bxf5 gxf5 16. Be3 Rfd8 17. Rab1 b6 18. Rxd8+ Rxd8 19. Rc1 Rd6 20. b4 Bd4 21.
Bxd4 Nxd4 22. Rc7 h6 23. Nh3 e5 24. Rxa7 Nxe2+ 25. Kg2 Nc3 26. a3 Kg7 27. Ng1 e4
28. Nh3 Rd2 29. Kf1 Rd1+ 30. Kg2 Rd2 31. Kf1 1/2-1/2

[Event "Hasselbacken Open 2016"]
[Site "Stockholm SWE"]
[Date "2016.05.07"]
[Round "8.50"]
[White "Tolhuizen, Ludo"]
[Black "Dubrovin, Robert"]
[Result "1/2-1/2"]
[WhiteElo "2132"]
[BlackElo "2239"]
[WhiteFideId "1000802"]
[BlackFideId "4501829"]
[EventDate "2016.04.30"]

1. d4 Nf6 2. Nf3 g6 3. Bf4 Bg7 4. e3 d5 5. Nbd2 O-O 6. Be2 c5 7. c3 Nc6 8. h3
Nd7 9. O-O e5 10. dxe5 Ndxe5 11. Nxe5 Nxe5 12. e4 d4 13. Bxe5 Bxe5 14. Nf3 Bg7
15. cxd4 cxd4 16. Qb3 b6 17. Bc4 Bb7 18. Rfe1 Rc8 19. Rad1 Qd6 20. e5 Qc5 21.
Rc1 Kh8 22. Rc2 Qa5 23. Rd1 Bxe5 24. Nxe5 Qxe5 25. Rcd2 Rcd8 26. Qg3 Qc5 27. Bb3
Rd7 28. Qf4 Qc6 29. f3 Rfd8 30. Rxd4 Kg7 31. Rxd7 Rxd7 32. Rxd7 Qxd7 33. Kh2 h5
34. h4 Qe7 35. Qd4+ Kh7 36. Qf4 Kg7 37. Qd4+ 1/2-1/2

[Event "Hasselbacken Open 2016"]
[Site "Stockholm SWE"]
[Date "2016.05.07"]
[Round "8.51"]
[White "Yapar, Nedim"]
[Black "Jacobs, Florian"]
[Result "1/2-1/2"]
[WhiteElo "2068"]
[BlackElo "2229"]
[WhiteFideId "6307590"]
[BlackFideId "1018329"]
[EventDate "2016.04.30"]

1. e4 e5 2. Nf3 Nc6 3. Bb5 Nf6 4. d3 Bc5 5. Bxc6 dxc6 6. Nbd2 Nd7 7. Qe2 O-O 8.
Nc4 Re8 9. Bd2 Bd6 10. O-O-O Nf8 11. Ne3 Ne6 12. c3 Nf4 13. Qf1 Bf8 14. Kc2 Qf6
15. h3 Nxh3 16. g4 Nf4 17. Nf5 Bxf5 18. gxf5 c5 19. Bxf4 exf4 20. Qh3 h6 21. e5
Rxe5 22. Nxe5 Qxe5 23. Rdg1 Kh7 24. Qg2 Bd6 25. Qg4 Qf6 26. Rg2 b5 27. Rhg1 Be5
28. Qf3 Rg8 29. Qe2 b4 30. Re1 Bd6 1/2-1/2

[Event "Hasselbacken Open 2016"]
[Site "Stockholm SWE"]
[Date "2016.05.07"]
[Round "8.52"]
[White "Rahul Kumar, Pune"]
[Black "Palmblad, Jan Peter"]
[Result "1/2-1/2"]
[WhiteElo "2225"]
[BlackElo "2141"]
[WhiteFideId "5010969"]
[BlackFideId "1705512"]
[EventDate "2016.04.30"]

1. e4 c5 2. Nc3 Nc6 3. g3 g6 4. Bg2 Bg7 5. d3 d6 6. Be3 e6 7. Qd2 Nd4 8. Nce2
Nxe2 9. Nxe2 Bxb2 10. Rb1 Bg7 11. O-O Ne7 12. e5 Bxe5 13. d4 cxd4 14. Nxd4 O-O
15. Bxb7 Bxb7 16. Rxb7 Nd5 17. Rfb1 Qc8 18. Nf3 Nb6 19. Nxe5 Qxb7 20. Ng4 Qe7
21. Bh6 f6 22. Rb4 Rf7 23. c4 Rc8 24. Be3 Nxc4 25. Qc3 Rff8 26. Rxc4 Rxc4 27.
Qxc4 h5 28. Nh6+ Kg7 29. h4 g5 30. hxg5 fxg5 31. Ng4 hxg4 32. Qxg4 Rf5 33. Qd4+
e5 34. Qe4 Rf7 35. a4 Qb7 36. Qd3 d5 37. Bxg5 e4 38. Qd4+ Kg6 39. Bc1 Qb6 40.
Qd2 Qf6 41. Qh6+ Kf5 42. Qh3+ Kg6 43. Qh6+ Kf5 44. Qh3+ Kg6 1/2-1/2

[Event "Hasselbacken Open 2016"]
[Site "Stockholm SWE"]
[Date "2016.05.07"]
[Round "8.53"]
[White "Wahlbom, Magnus"]
[Black "Kucuksari, Kaan"]
[Result "1-0"]
[WhiteElo "2223"]
[BlackElo "2125"]
[WhiteFideId "1700685"]
[BlackFideId "6380166"]
[EventDate "2016.04.30"]

1. e4 c6 2. d4 d5 3. e5 c5 4. dxc5 Nc6 5. Bb5 e6 6. Qg4 Ne7 7. Nf3 Nf5 8. O-O
Bxc5 9. Nbd2 Bd7 10. Nb3 Be7 11. Bd3 h5 12. Qf4 Nh6 13. Bd2 h4 14. h3 Rg8 15.
Nfd4 g5 16. Qe3 Nxd4 17. Qxd4 b6 18. Kh1 Rc8 19. Bb4 g4 20. Bxe7 Qxe7 21. hxg4
Rxg4 22. Qe3 Qg5 23. Qxg5 Rxg5 24. f4 Rg3 25. Nd4 Ke7 26. Ne2 Rg7 27. Rf3 f5 28.
Rh3 Ng4 29. Kg1 Rh8 30. Nd4 Rhg8 31. Re1 Nh6 32. Re2 Rg4 33. Rf2 Rg3 34. Rxh4
Ng4 35. Rf3 Rxf3 36. Nxf3 Ne3 37. Rh7+ Ke8 38. Ng5 Ng4 39. a4 Nxe5 40. Bb5 Bxb5
41. axb5 Ng6 42. Rxa7 Rh8 43. Nxe6 Rh6 44. g3 d4 45. Ng7+ 1-0

[Event "Hasselbacken Open 2016"]
[Site "Stockholm SWE"]
[Date "2016.05.07"]
[Round "8.54"]
[White "Saren, Bjorn"]
[Black "Brookes, Christopher"]
[Result "1-0"]
[BlackTitle "CM"]
[WhiteElo "2032"]
[BlackElo "2213"]
[WhiteFideId "1712071"]
[BlackFideId "4669355"]
[EventDate "2016.04.30"]

1. e4 c5 2. Nf3 d6 3. d4 cxd4 4. Nxd4 Nf6 5. Nc3 g6 6. g3 Bg7 7. Bg2 O-O 8. O-O
Nc6 9. Nde2 Rb8 10. h3 b5 11. Be3 b4 12. Nd5 Bd7 13. Qd2 Ne5 14. Bxa7 Rb7 15.
Bd4 Bxh3 16. Bxe5 Bxg2 17. Bxf6 Bxf1 18. Bxg7 Kxg7 19. Rxf1 Qb8 20. Rc1 f5 21.
Nd4 Qc8 22. exf5 gxf5 23. Qg5+ Kh8 24. Nxe7 Qc4 25. Ndxf5 Qf7 26. Re1 Rb5 27. g4
Rc5 28. Qh6 Rd8 29. Re6 Rxc2 30. Ng6+ Kg8 31. Nfe7+ 1-0

[Event "Hasselbacken Open 2016"]
[Site "Stockholm SWE"]
[Date "2016.05.07"]
[Round "8.55"]
[White "Malm Lindberg, Henrik"]
[Black "Svensson, Leif 1940"]
[Result "1-0"]
[WhiteElo "2208"]
[BlackElo "2078"]
[WhiteFideId "1702599"]
[BlackFideId "1702459"]
[EventDate "2016.04.30"]

1. e4 Nf6 2. e5 Nd5 3. c4 Nb6 4. d4 d6 5. exd6 cxd6 6. Nc3 g6 7. Be3 Bg7 8. Rc1
O-O 9. b3 Bf5 10. Nf3 a6 11. Be2 d5 12. c5 Nc8 13. b4 Nc6 14. a3 e6 15. O-O Bg4
16. Ne1 Bxe2 17. Nxe2 N8e7 18. Nf3 Nf5 19. Qd2 Nxe3 20. Qxe3 Qf6 21. Rcd1 Rfe8
22. Rd3 Rad8 23. Qd2 h6 24. h3 Rd7 25. Rd1 Qd8 26. Nc1 Kh7 27. Nb3 f5 28. Re1
Rf7 29. a4 g5 30. Rde3 g4 31. hxg4 fxg4 32. Nh2 Qg5 33. b5 axb5 34. axb5 Nd8 35.
R3e2 Qg6 36. Nf1 h5 37. Qc2 Rf4 38. Ng3 h4 39. Nh5 Rf5 40. Nxg7 Kxg7 41. c6 bxc6
42. bxc6 Nf7 43. c7 Nd6 44. Nc5 g3 45. Rxe6 gxf2+ 46. Qxf2 Qg4 47. Qe3 Rxe6 48.
Nxe6+ Kh7 49. Rc1 Rf6 50. c8=Q Nxc8 51. Rc7+ Kg6 52. Rg7+ 1-0

[Event "Hasselbacken Open 2016"]
[Site "Stockholm SWE"]
[Date "2016.05.07"]
[Round "8.56"]
[White "Evertsson, Lennart"]
[Black "Fors, Tomas"]
[Result "0-1"]
[WhiteElo "2198"]
[BlackElo "2063"]
[WhiteFideId "1705156"]
[BlackFideId "1705768"]
[EventDate "2016.04.30"]

1. e4 e6 2. Nf3 d5 3. Nc3 d4 4. Ne2 c5 5. Ng3 a6 6. a4 Nc6 7. Bc4 Be7 8. d3 h5
9. e5 g5 10. h3 Qc7 11. Qe2 h4 12. Nf1 Nh6 13. N1h2 Bd7 14. c3 O-O-O 15. b4 dxc3
16. bxc5 Nf5 17. Be3 Nxe3 18. fxe3 Nxe5 19. Nxe5 Qxe5 20. d4 Qg3+ 21. Qf2 Qxf2+
22. Kxf2 e5 23. Nf3 exd4 24. exd4 Bc6 25. Rhd1 Bxf3 26. Kxf3 Bf6 27. Rac1 Bxd4
28. Kg4 f6 29. c6 a5 30. Be6+ Kc7 31. cxb7 Kxb7 32. Rb1+ Kc6 33. Bf5 Rhe8 34.
Rd3 Re2 35. Kh5 c2 36. Rc1 Rh8+ 37. Kg6 Bb2 38. Be4+ Kc7 39. Bf3 Rf2 40. Re1
c1=Q 41. Rxc1+ Bxc1 42. Rc3+ Kd6 43. Rxc1 Ra2 44. Rc4 Rb8 45. Kxf6 Rb4 46. Rc6+
Kd7 47. Rc3 Rb6+ 48. Kxg5 Rxa4 49. Bg4+ Kd6 50. Kxh4 Rd4 51. Kg5 a4 52. Bf3 Rb5+
53. Kg6 Rb3 54. Rc8 a3 55. Ra8 Ke5 56. Kg5 Rd2 57. Ra5+ Kd6 58. h4 a2 59. Ra6+
Kc5 60. Be4 Kb4 61. Rxa2 Rxa2 62. g4 Ra5+ 63. Bf5 Rh3 64. h5 Kc4 65. Kf6 Kd4 66.
Bg6 Ke3 67. Kg7 Kf4 68. Bf5 Kg5 0-1

[Event "Hasselbacken Open 2016"]
[Site "Stockholm SWE"]
[Date "2016.05.07"]
[Round "8.57"]
[White "Kolas, Tore"]
[Black "Sand, Rolf"]
[Result "1-0"]
[WhiteElo "2187"]
[BlackElo "2042"]
[WhiteFideId "1502050"]
[BlackFideId "4610334"]
[EventDate "2016.04.30"]

1. e4 c5 2. Nf3 d6 3. d4 cxd4 4. Nxd4 Nf6 5. Nc3 a6 6. Be2 e5 7. Nb3 Be7 8. Bg5
Be6 9. Bxf6 Bxf6 10. Qd3 O-O 11. O-O-O Be7 12. Nd5 Bxd5 13. Qxd5 Nc6 14. Kb1 Qb6
15. Rhf1 a5 16. a4 Nb4 17. Qb5 Qxb5 18. Bxb5 Rfc8 19. c3 Na6 20. Nxa5 Nc5 21.
Nc4 Rd8 22. Nb6 Rab8 23. Rfe1 Ne6 24. g3 Nc7 25. Bf1 Kf8 26. b4 g6 27. Bh3 Ke8
28. Rd3 Ne6 29. Bxe6 fxe6 30. Red1 Kf7 31. Kb2 Kg7 32. Kb3 Rf8 33. Nd7 1-0

[Event "Hasselbacken Open 2016"]
[Site "Stockholm SWE"]
[Date "2016.05.07"]
[Round "8.58"]
[White "Kaasen, Tor Fredrik"]
[Black "Schoonackers, Jeroen"]
[Result "0-1"]
[WhiteElo "2177"]
[BlackElo "2032"]
[WhiteFideId "1516647"]
[BlackFideId "1034863"]
[EventDate "2016.04.30"]

1. Nf3 d5 2. g3 Nf6 3. Bg2 c6 4. O-O Bg4 5. Ne5 Bh5 6. d4 e6 7. c4 Nbd7 8. Nc3
Nxe5 9. dxe5 Nd7 10. cxd5 cxd5 11. Qa4 Bc5 12. Rd1 O-O 13. Nxd5 exd5 14. Rxd5
Nb6 15. Rxd8 Nxa4 16. Rxa8 Rxa8 17. Bxb7 Rb8 18. Bd5 Bd4 19. Bb3 Nc5 20. Bf4
Nxb3 21. axb3 Rxb3 22. Rd1 Bb6 23. Rd2 h6 24. h4 Bg4 25. Kg2 Be6 26. e3 Kf8 27.
Kf3 Ke8 28. g4 Rb5 29. Rc2 Rc5 30. Rxc5 Bxc5 31. h5 Bb3 32. e4 Bd4 33. Bc1 Bxe5
34. Ke3 Kd7 35. f4 Bf6 36. e5 Be7 37. Kd4 Bd1 38. f5 Bxg4 39. f6 gxf6 40. Bxh6
Bxh5 41. Be3 a6 42. Bc1 fxe5+ 43. Kxe5 Kc6 44. Bd2 Kc5 45. Ba5 Kb5 46. Bc3 a5
47. Kf5 a4 48. Kf4 Kc4 0-1

[Event "Hasselbacken Open 2016"]
[Site "Stockholm SWE"]
[Date "2016.05.07"]
[Round "8.59"]
[White "Zemlicka, Vit"]
[Black "Jogstad, Martin"]
[Result "0-1"]
[WhiteElo "1970"]
[BlackElo "2176"]
[WhiteFideId "303143"]
[BlackFideId "1715364"]
[EventDate "2016.04.30"]

1. e4 e6 2. d4 d5 3. Nc3 Bb4 4. e5 c5 5. a3 Bxc3+ 6. bxc3 Ne7 7. Qg4 Qc7 8. Qxg7
Rg8 9. Qxh7 cxd4 10. Ne2 Nbc6 11. f4 Bd7 12. Qd3 dxc3 13. Qxc3 O-O-O 14. Rb1 Nf5
15. Rg1 d4 16. Qd3 Na5 17. g4 Ba4 18. c3 Nh4 19. Rg3 Qc6 20. Nxd4 Rxd4 21. Qxd4
Rd8 22. Qe3 Rd1+ 23. Kf2 Qh1 24. Rg1 Qxh2+ 25. Rg2 Rxf1+ 26. Kxf1 Qxg2+ 27. Ke1
Nf3+ 0-1

[Event "Hasselbacken Open 2016"]
[Site "Stockholm SWE"]
[Date "2016.05.07"]
[Round "8.60"]
[White "Hedin, Gunnar"]
[Black "Cramling Bellon, Anna"]
[Result "1-0"]
[WhiteElo "2172"]
[BlackElo "1977"]
[WhiteFideId "1712381"]
[BlackFideId "32009232"]
[EventDate "2016.04.30"]

1. c4 e6 2. g3 d5 3. Bg2 Nf6 4. Nf3 c6 5. O-O Nbd7 6. b3 Bd6 7. Bb2 O-O 8. Nc3
a6 9. d4 b5 10. Nd2 b4 11. Na4 Bb7 12. e4 dxe4 13. Nxe4 Nxe4 14. Bxe4 Nf6 15.
Bg2 Qc7 16. Re1 Rad8 17. Qe2 Nd7 18. Rad1 Rfe8 19. c5 Be7 20. Qc4 a5 21. Bc1 Qc8
22. Bf4 Ba6 23. Qc2 Bb5 24. Nb2 Qa6 25. Nc4 Bxc4 26. bxc4 Nf6 27. Bf1 h6 28. h4
Rd7 29. Rd2 Red8 30. Red1 a4 31. Bg2 Nh5 32. Be3 Nf6 33. Bf3 Kh8 34. Kg2 Kg8 35.
Rb1 Rb7 36. Qc1 Rc8 37. Rdb2 Qa5 38. g4 Nd7 39. g5 hxg5 40. hxg5 e5 41. d5 Nxc5
42. dxc6 Rbb8 43. Bd5 g6 44. Qh1 Bf8 45. Qh4 Bg7 46. Rh1 Rc7 47. Rh3 a3 48. Rb1
Na4 49. Bd2 Nc5 50. Qh7+ Kf8 51. Rf3 e4 52. Rf6 Nd3 53. Rxg6 Be5 54. Qg8+ Ke7
55. Qxf7+ 1-0

[Event "Hasselbacken Open 2016"]
[Site "Stockholm SWE"]
[Date "2016.05.08"]
[Round "9.2"]
[White "Vidit, Santosh Gujrathi"]
[Black "Almasi, Zoltan"]
[Result "1/2-1/2"]
[WhiteTitle "GM"]
[BlackTitle "GM"]
[WhiteElo "2648"]
[BlackElo "2682"]
[WhiteFideId "5029465"]
[BlackFideId "702293"]
[EventDate "2016.04.30"]

1. d4 Nf6 2. c4 e6 3. Nf3 b6 4. g3 Ba6 5. b3 d5 6. Bg2 Bb4+ 7. Bd2 Be7 8. cxd5
exd5 9. O-O O-O 10. Nc3 Re8 11. Rb1 Nbd7 12. b4 c5 13. Ne5 Rc8 14. Nxd5 Nxd5 15.
Nxf7 Kxf7 16. Bxd5+ Kf8 17. b5 Nf6 18. Bf3 Bxb5 19. Rxb5 cxd4 20. Bb4 Bc5 21.
Qd3 Qe7 22. Bxc5 bxc5 23. Rb7 Qd6 24. Rxa7 c4 25. Qc2 d3 26. exd3 Qxd3 27. Qxd3
cxd3 28. Rd1 Red8 29. Ra3 Rc2 30. g4 h6 31. h4 d2 32. Kf1 Rd4 33. Ke2 Nxg4 34.
Rd3 Rf4 35. R1xd2 Rxd2+ 36. Rxd2 Ne5 37. Bg2 1/2-1/2

[Event "Hasselbacken Open 2016"]
[Site "Stockholm SWE"]
[Date "2016.05.08"]
[Round "9.3"]
[White "Greenfeld, Alon"]
[Black "Smirin, Ilia"]
[Result "1/2-1/2"]
[WhiteTitle "GM"]
[BlackTitle "GM"]
[WhiteElo "2541"]
[BlackElo "2665"]
[WhiteFideId "2800039"]
[BlackFideId "2801990"]
[EventDate "2016.04.30"]

1. d4 Nf6 2. c4 g6 3. g3 Bg7 4. Bg2 O-O 5. Nc3 d6 6. Nf3 Nc6 7. O-O e5 8. dxe5
Nxe5 9. Nxe5 dxe5 10. Qxd8 Rxd8 11. Bg5 Rd4 12. Rfd1 c6 13. Be3 Rxd1+ 14. Rxd1
Be6 15. b3 Ng4 16. Bc5 f5 17. e4 Kf7 18. Bd6 Bf8 19. h3 Bxd6 20. hxg4 Bb4 21.
gxf5 gxf5 22. exf5 Bxf5 23. Be4 Be6 24. Ne2 h5 25. Kg2 Kf6 26. Ng1 a5 27. a4 Rb8
28. Nf3 Rg8 29. Rh1 Bf7 30. Rd1 Rg4 31. Bc2 Be6 32. Rh1 Bf7 33. Rd1 Ke6 34. Rd8
Rg8 35. Rxg8 Bxg8 36. Bg6 b5 37. cxb5 cxb5 38. Bxh5 Kf6 39. Be8 Bxb3 40. Bxb5
Bd5 41. Be2 Bc6 42. Bd1 Bc3 1/2-1/2

[Event "Hasselbacken Open 2016"]
[Site "Stockholm SWE"]
[Date "2016.05.08"]
[Round "9.4"]
[White "Adhiban, Baskaran"]
[Black "Mikhalevski, Victor"]
[Result "1-0"]
[WhiteTitle "GM"]
[BlackTitle "GM"]
[WhiteElo "2663"]
[BlackElo "2516"]
[WhiteFideId "5018471"]
[BlackFideId "2801914"]
[EventDate "2016.04.30"]

1. d4 Nf6 2. c4 g6 3. f3 d5 4. cxd5 Nxd5 5. e4 Nb6 6. Nc3 Bg7 7. Be3 O-O 8. Qd2
e5 9. d5 c6 10. h4 cxd5 11. exd5 N8d7 12. h5 Nf6 13. hxg6 fxg6 14. O-O-O Bd7 15.
Kb1 Rc8 16. Nh3 e4 17. d6 exf3 18. gxf3 Na4 19. Nxa4 Bxa4 20. Ng5 Bxd1 21. Qxd1
Qa5 22. Qb3+ Kh8 23. Bd3 Nh5 24. Nxh7 Rxf3 25. Ng5 Rf5 26. Qe6 Qd5 27. Rxh5+
gxh5 28. Nf7+ Kg8 29. Qxc8+ Kxf7 30. Qxf5+ 1-0

[Event "Hasselbacken Open 2016"]
[Site "Stockholm SWE"]
[Date "2016.05.08"]
[Round "9.5"]
[White "Van Foreest, Jorden"]
[Black "Tkachiev, Vladislav"]
[Result "1/2-1/2"]
[WhiteTitle "GM"]
[BlackTitle "GM"]
[WhiteElo "2551"]
[BlackElo "2660"]
[WhiteFideId "1039784"]
[BlackFideId "618438"]
[EventDate "2016.04.30"]

1. e4 e5 2. Nf3 Nc6 3. Bc4 Bc5 4. O-O d6 5. c3 Nf6 6. d3 h6 7. Re1 O-O 8. a4 a6
9. h3 Ba7 10. Nbd2 Re8 11. b4 Be6 12. Bxe6 Rxe6 13. Qc2 Qd7 14. Nf1 Ree8 15. Be3
Bxe3 16. Nxe3 Nd8 17. Nc4 Ne6 18. a5 Rad8 19. Rad1 Nf4 20. Kh2 Qc6 21. Qb3 Ng6
22. Kg1 d5 23. exd5 Qxd5 24. d4 exd4 25. Rxd4 Qf5 26. Nce5 Nxe5 27. Rxe5 Qc8 28.
b5 Rd6 29. Qc4 axb5 30. Rxb5 Rxd4 31. cxd4 Ne4 32. Re5 1/2-1/2

[Event "Hasselbacken Open 2016"]
[Site "Stockholm SWE"]
[Date "2016.05.08"]
[Round "9.6"]
[White "Shirov, Alexei"]
[Black "Thorn, Eric"]
[Result "1-0"]
[WhiteTitle "GM"]
[WhiteElo "2686"]
[BlackElo "2204"]
[WhiteFideId "2209390"]
[BlackFideId "1710729"]
[EventDate "2016.04.30"]

1. e4 e5 2. Nf3 Nc6 3. Bb5 a6 4. Ba4 Nf6 5. O-O Be7 6. Re1 b5 7. Bb3 d6 8. c3
O-O 9. d4 Bg4 10. Be3 exd4 11. cxd4 Na5 12. Bc2 Nc4 13. Bc1 c5 14. b3 Nb6 15.
Nbd2 Rc8 16. h3 Bh5 17. d5 Nfd7 18. a4 Bf6 19. Ra2 Re8 20. g4 Bg6 21. a5 Na8 22.
Nf1 Nc7 23. Ng3 b4 24. Bd3 Bc3 25. Bd2 Bxd2 26. Qxd2 Qf6 27. Kg2 Rb8 28. h4 h6
29. Rc2 Nb5 30. g5 hxg5 31. hxg5 Qd8 32. Rh1 Ne5 33. Nxe5 dxe5 34. Bxb5 Rxb5 35.
d6 Qa8 36. f3 Rd8 37. Rcc1 Qc6 38. Rcd1 Rb7 39. Nf5 Bxf5 40. exf5 Rbd7 41. Kg3
Rxd6 42. Qh2 Kf8 43. Qh8+ Ke7 44. Qxg7 Rxd1 45. Qxe5+ Kd7 46. Rxd1+ Kc8 47.
Rxd8+ Kxd8 48. f6 1-0

[Event "Hasselbacken Open 2016"]
[Site "Stockholm SWE"]
[Date "2016.05.08"]
[Round "9.7"]
[White "Burmakin, Vladimir"]
[Black "Postny, Evgeny"]
[Result "1/2-1/2"]
[WhiteTitle "GM"]
[BlackTitle "GM"]
[WhiteElo "2554"]
[BlackElo "2673"]
[WhiteFideId "4105109"]
[BlackFideId "2804344"]
[EventDate "2016.04.30"]

1. d4 Nf6 2. Nf3 e6 3. g3 b5 4. Qd3 a6 5. a4 b4 6. c4 bxc3 7. bxc3 c5 8. Bg2 Bb7
9. O-O d5 10. Nbd2 Nbd7 11. c4 cxd4 12. Qxd4 Bc5 13. Qd3 O-O 14. Ba3 dxc4 15.
Nxc4 Be4 16. Qd2 Qe7 17. Bxc5 Nxc5 18. Qd6 Qxd6 19. Nxd6 Bd5 20. Nd2 Rad8 21.
N6c4 Nb3 22. Nxb3 Bxc4 23. Nc5 Bxe2 24. Rfe1 Bc4 25. Rac1 Rd4 26. Red1 Rxd1+ 27.
Rxd1 a5 28. Nb7 Bd5 29. Nxa5 Ra8 30. Nc6 Rxa4 31. Ne7+ Kf8 32. Nxd5 exd5 33.
Bxd5 Nxd5 34. Rxd5 1/2-1/2

[Event "Hasselbacken Open 2016"]
[Site "Stockholm SWE"]
[Date "2016.05.08"]
[Round "9.8"]
[White "Libiszewski, Fabien"]
[Black "Sethuraman, S.P."]
[Result "0-1"]
[WhiteTitle "GM"]
[BlackTitle "GM"]
[WhiteElo "2520"]
[BlackElo "2658"]
[WhiteFideId "616834"]
[BlackFideId "5021596"]
[EventDate "2016.04.30"]

1. e4 g6 2. d4 Bg7 3. Nc3 d6 4. Be3 a6 5. h4 Nf6 6. Qd2 b5 7. f3 h5 8. O-O-O c6
9. Kb1 Qc7 10. Bf4 Be6 11. e5 dxe5 12. Bxe5 Qc8 13. Nh3 Nbd7 14. Ng5 Bf5 15. Be2
Nb6 16. Nce4 Bxe4 17. fxe4 O-O 18. Rhf1 a5 19. Rf3 Qd7 20. Qe1 a4 21. a3 Rad8
22. Qf1 Qc8 23. Bg3 Ng4 24. c3 f6 25. Nh3 Bh6 26. Bf4 Bg7 27. Bg3 Bh6 28. Bf4
Bg7 29. Bg3 f5 30. exf5 Nd5 31. Rdd3 Rxf5 32. Rxf5 Qxf5 33. Qxf5 gxf5 34. Nf4
Ndf6 35. Bf3 Ne4 36. Bxe4 fxe4 37. Rd1 Bh6 38. Re1 e3 39. Ne6 Rd5 40. Bf4 Bxf4
41. Nxf4 Rf5 42. g3 Kf7 43. Kc2 Rf6 44. Re2 Rf5 45. Re1 c5 46. Kd3 e6 47. Ke2
Ke7 48. Rd1 cxd4 49. cxd4 Kd6 50. Rd3 b4 51. Kf3 Rb5 52. axb4 Rxb4 53. Ra3 Rxd4
54. Nxh5 Rb4 55. Ra1 Ke5 56. Nf4 Kf5 57. Ng2 Rb3 58. Ra2 Rd3 59. Rxa4 Ne5+ 60.
Ke2 Rd2+ 61. Kxe3 Rxg2 62. Rf4+ Kg6 63. h5+ Kxh5 64. Re4 Ng4+ 0-1

[Event "Hasselbacken Open 2016"]
[Site "Stockholm SWE"]
[Date "2016.05.08"]
[Round "9.9"]
[White "Sevian, Samuel"]
[Black "Sasikiran, Krishnan"]
[Result "1/2-1/2"]
[WhiteTitle "GM"]
[BlackTitle "GM"]
[WhiteElo "2589"]
[BlackElo "2643"]
[WhiteFideId "2040506"]
[BlackFideId "5004985"]
[EventDate "2016.04.30"]

1. e4 e5 2. Nf3 Nc6 3. Bb5 a6 4. Ba4 Nf6 5. O-O Be7 6. d3 d6 7. c3 O-O 8. Re1
Re8 9. d4 b5 10. Bc2 Bb7 11. Nbd2 Bf8 12. d5 Nb8 13. b3 Nbd7 14. c4 c6 15. Nf1
Qc7 16. Ne3 Rec8 17. h3 g6 18. Re2 bxc4 19. bxc4 a5 20. Ba3 cxd5 21. Nxd5 Nxd5
22. cxd5 Ba6 23. Bd3 Bxd3 24. Qxd3 Qc3 25. Qxc3 Rxc3 26. Bb2 Rc4 27. Rc1 Rac8
28. Rxc4 Rxc4 29. Kf1 Nc5 30. Nd2 Ra4 31. f3 f5 32. Nb3 Nd3 33. Bc3 fxe4 34.
fxe4 Nf4 35. Rd2 Nh5 36. Bxa5 Ng3+ 37. Kg1 Nxe4 38. Rc2 Nf6 39. Bc7 e4 40. Rc6
e3 41. Bxd6 e2 42. Bg3 Nxd5 43. Rc2 Re4 44. Be1 Bb4 45. Rc1 Ba3 46. Rc8+ Kf7 47.
Kf2 g5 48. g3 Nb4 49. Rc3 Nxa2 50. Re3 Rxe3 51. Kxe3 1/2-1/2

[Event "Hasselbacken Open 2016"]
[Site "Stockholm SWE"]
[Date "2016.05.08"]
[Round "9.10"]
[White "Kjartansson, Gudmundur"]
[Black "Bachmann, Axel"]
[Result "0-1"]
[WhiteTitle "IM"]
[BlackTitle "GM"]
[WhiteElo "2457"]
[BlackElo "2621"]
[WhiteFideId "2301318"]
[BlackFideId "3700488"]
[EventDate "2016.04.30"]

1. Nf3 Nf6 2. c4 e6 3. Nc3 Bb4 4. Qc2 O-O 5. a3 Bxc3 6. Qxc3 d6 7. g3 e5 8. d3
Nc6 9. Bg2 a5 10. b3 h6 11. Bb2 Bf5 12. h3 Qc8 13. g4 Bh7 14. g5 hxg5 15. Nxg5
Bg6 16. h4 Nd4 17. e3 Re8 18. Kf1 Nf5 19. Qd2 Nh5 20. Bf3 Qd8 21. e4 Nd4 22.
Bxd4 exd4 23. Bxh5 Bxh5 24. Rh3 b5 25. Kg2 a4 26. cxb5 d5 27. e5 axb3 28. Qb4
Rxe5 29. Qxb3 Qf6 30. Ra2 Rae8 31. Rg3 Qf4 32. b6 cxb6 33. Qxb6 Qxh4 34. Qc6 Bg4
35. Nh3 R8e6 36. Qa8+ Kh7 37. f3 Bxh3+ 38. Rxh3 Rg5+ 39. Kh2 Qxh3+ 40. Kxh3 Rh6# 0-1